| 000 | 00816 a2200265 4500 | ||
|---|---|---|---|
| 999 |
_c200130274 _d11962 |
||
| 001 | 200130274 | ||
| 003 | TR-AnTOB | ||
| 005 | 20230615001435.0 | ||
| 008 | 130819s2013 tu 000 0 | ||
| 020 | _a9752201377 | ||
| 040 |
_aTR-AnTOB _cTR-AnTOB |
||
| 041 | 0 | _atur | |
| 050 | 0 | 0 |
_aDR435.A7 _bS567 2006 |
| 090 | _aDR435.A7 S567 2006 | ||
| 100 | 1 |
_aŞimşir, Bilâl N., _d1933- _975324 |
|
| 245 | 1 | 0 |
_aErmeni meselesi 1774-2005 / _cBilal N. Şimşir. |
| 264 | 1 |
_aAnkara : _bBilgi Yayınevi, _c2006. |
|
| 300 |
_a371, [68] p. : _bill., maps. ; _c20 cm. |
||
| 504 | _aIncludes bibliographial references (pages 457-461) and index. | ||
| 650 | 0 | 0 |
_aErmeni sorunu _96430 |
| 650 | 0 | 7 |
_aArmenian question _2 _99838 |
| 650 | 0 | 0 |
_aArmenians _zTurkey _xHistory _9114411 |
| 650 | 0 |
_aErmeniler _zTürkiye _xTarih _97858 |
|
| 942 |
_cBK _2lcc |
||